Scuola di demoni : conversazioni con Michele Mari e Walter Siti /

সংরক্ষণ করুন:
গ্রন্থ-পঞ্জীর বিবরন
প্রধান লেখক: Mari, Michele, (1955- )
অন্যান্য লেখক: Siti, Walter, Mazza Galanti, Carlo
বিন্যাস: গ্রন্থ
ভাষা:ইতালিয়
প্রকাশিত: Roma : Minimum fax, 2019
মালা:Filigrana ; 69
বিষয়গুলি:
ট্যাগগুলো: ট্যাগ যুক্ত করুন
কোনো ট্যাগ নেই, প্রথমজন হিসাবে ট্যাগ করুন!

MARC

LEADER 00000nam a22000007i 4500
001 IT\ICCU\MOD\1695758
003 ItRI
005 20250220234702.0
008 190527s2019 it |||||| ||||| |||||c
020 |a 9788833890395 
040 |b ita  |c ARCIGAY RIMINI 
041 7 |a ita  |2 ISO-639-2 
082 |a 853.914  |2 21 
100 1 |a Mari, Michele,  |d  (1955- )  |0 IT\ICCU\CFIV\081542 
240 1 0 |a Scuola di demoni  |9 Mari, Michele <1955- > 
245 1 0 |a Scuola di demoni :  |b conversazioni con Michele Mari e Walter Siti /  |c a cura di Carlo Mazza Galanti. 
260 |a Roma :  |b Minimum fax,  |c 2019 
300 |a 165 p. ;  |c 19 cm 
650 7 |a Siti, Walter  |x Interviste  |2 scbi 
650 7 |a Mari, Michele  |x Interviste  |2 scbi 
700 1 |a Siti, Walter  |0 IT\ICCU\CFIV\026752 
700 1 |a Mazza Galanti, Carlo  |0 IT\ICCU\SBLV\231519 
830 0 |a Filigrana ;  |v 69  |0 IT\ICCU\BVE\0057106 
942 |2 ddc  |c BK 
952 |0 0  |1 0  |2 ddc  |4 0  |6 853_914000000000000_MAR_SCU  |7 1  |9 3312  |a RN  |b RN  |d 2025-02-20  |e DONO RIMONDINI  |l 0  |o 853.914 MAR SCU  |p 10571  |r 2025-02-20 23:47:28  |w 2025-02-20  |y BK 
981 1 |6 z01  |a i   |b xxxe  
982 1 |6 z01  |a n 
999 |c 2629  |d 2629